| 000 | 00508nam a2200217Ia 4500 | ||
|---|---|---|---|
| 003 | OSt | ||
| 005 | 20221005125046.0 | ||
| 006 | a|||||r|||| 00| 0 | ||
| 007 | ta | ||
| 008 | ORI | ||
| 024 | _a27597 | ||
| 037 | _cTextual | ||
| 040 |
_aCRL _cCRL _bORI |
||
| 041 |
_2ORI _aORI |
||
| 082 | _aP1591:(R), L2 | ||
| 100 |
_aPadhi Behi Madhava _9636149 |
||
| 245 | 0 | _aOriya bhasara rupatattva | |
| 260 | _c1972 | ||
| 942 |
_hP1591:(R), L2 _cTEXL _2cc |
||
| 999 |
_c1052563 _d1052563 |
||